Deformačno-napäťový stav pri trecom zváraní s premiešavaním pri rôznych vstupných parametroch

Guardado en:
Detalles Bibliográficos
Autor principal: Šlesar, Peter (Autor)
Otros Autores: Jančo, Roland (Orientador)
Formato: Manuscrito Libro
Lenguaje:eslovaco
Publicado: 2020
Materias:
Acceso en línea:http://is.stuba.sk/zp/portal_zp.pl?podrobnosti=146014
Etiquetas: Agregar Etiqueta
Sin Etiquetas, Sea el primero en etiquetar este registro!

MARC

LEADER 00000ntm a22000003a 4500
001 stuzp66242
003 SK-STU
005 20200829210445.8
007 ta
008 150427s2015----xo-----f-mn---000-0-slo-d
040 |a STU  |b slo 
041 0 |a slo 
100 1 |a Šlesar, Peter  |u 020010  |4 aut  |U SjF Strojnícka fakulta  |T SjF Ústav aplikovanej mechaniky a mechatroniky  |X 55735  |U J0010  |Y 801  |7 55735 
242 0 1 |a Stress-strain analysis for Friction Stir Welding with different input parameters  |y eng 
245 1 0 |a Deformačno-napäťový stav pri trecom zváraní s premiešavaním pri rôznych vstupných parametroch 
260 |c 2020 
650 4 |a Sysweld  |2 slo 
650 4 |a trecie zváranie s premiešavaním  |2 slo 
650 4 |a teplotné pole,  |2 slo 
650 4 |a fázové transformácie  |2 slo 
650 4 |a friction stir welding  |2 eng 
650 4 |a temperature field  |2 eng 
650 4 |a phase transformations  |2 eng 
650 4 |a Sysweld  |2 eng 
700 1 |a Jančo, Roland  |u 020010  |k Z1  |4 ths  |U SjF Strojnícka fakulta  |T SjF Ústav aplikovanej mechaniky a mechatroniky  |X 2227  |U J0010  |Y 801  |7 A000002227 
856 4 |u http://is.stuba.sk/zp/portal_zp.pl?podrobnosti=146014 
996 |b 284J045892  |c J* 118698  |l JJST  |s P  |a 0  |w stuzp66242_0001